| 000 | 00658nam a2200205 a 4500 | ||
|---|---|---|---|
| 005 | 20151125040712.0 | ||
| 008 | 140219b1996 ck ||||| |||| 00| 0 spa d | ||
| 040 |
_aCO-BoIAVH _cCO-BoIAVH |
||
| 041 | _aspa | ||
| 044 | _ack | ||
| 090 |
_aLB _b00190 |
||
| 110 |
_bColombia. Ministerio del Medio Ambiente _942881 |
||
| 245 |
_aTercera conferencia de las partes del Convenio sobre Diversidad Biológica, (1996 _bBuenos Aires, Argentina) |
||
| 260 |
_aBogotá _bMinambiente _c1996 |
||
| 300 | _a33 p. | ||
| 650 |
_aConvenio sobre diversidad biológica _93261 |
||
| 650 |
_aConvenios internacionales _93879 |
||
| 650 |
_aBiodiversidad _942882 |
||
| 942 |
_cINFORME _2z |
||
| 999 |
_c210 _d210 |
||